LeBron James' All-Star Team Mates - Statistics

General Stats
  • This quiz has been taken 950 times
    430 since last reset
  • The average score is 12 of 29
Answer Stats
First All-Star Selection # of All-Stars Player % Correct
2005 12 Dwyane Wade
94%
1992 15 Shaquille O'Neal
93%
2006 11 Chris Bosh
91%
2013 8 Kyrie Irving
90%
2013 9 Anthony Davis
87%
2011 5 Kevin Love
80%
2006 8 Dwight Howard
62%
2011 9 Russell Westbrook
62%
1996 1 Juwan Howard
60%
2007 10 Carmelo Anthony
58%
2003 2 Zydrunas Ilgauskas
57%
2000 10 Ray Allen
56%
2010 3 Derrick Rose
45%
2010 4 Rajon Rondo
42%
2009 1 Mo Williams
38%
2010 3 Deron Williams
37%
2019 1 D'Angelo Russell
36%
2016 2 Isaiah Thomas
30%
2012 3 Marc Gasol
20%
2003 4 Ben Wallace
19%
2015 1 Kyle Korver
17%
2017 1 DeAndre Jordan
16%
2014 4 DeMarcus Cousins
11%
2016 2 Andre Drummond
9%
2005 2 Rashard Lewis
8%
2003 4 Shawn Marion
8%
2002 1 Wally Szczerbiak
3%
2000 2 Jerry Stackhouse
2%
2004 1 Jamaal Magloire
0%
No matching quizzes found
Score Distribution
Percent of People with Each Score
Percentile by Number Answered
Your Score History
You have not taken this quiz since the last reset